000 00290nam a22001337a 4500
008 181106b xxu||||| |||| 00| 0 eng d
020 _a0452006015
041 _aeng
080 _a159.9
100 _a48
101 _aPSI
245 _aMind Mood & Medicine
_cWender,P.H
942 _2udc
_cBK
999 _c52005
_d52005